LOST Parents and Children Quiz Stats

 Plays Quiz not verified by Sporcle

Score 0/23 Timer 06:00
0 Plays Today
Father Child % Correct
Christian Jack
91.1%
ThomasAaron
90.8%
CharlesDaniel
90.5%
MichaelWalt
90.3%
ChristianClaire
90.2%
Charles Penny
85%
RogerBen
84.6%
RobertAlex
84.4%
DesmondCharlie
80.3%
PierreMiles
73.9%
AnthonyLocke
73.5%
JamesClementine
70.5%
Father Child % Correct
JinJi Yeon
65.4%
WayneKate
61.2%
DavidHurley
60.4%
SimonCharlie
39.8%
?Sawyer
31.8%
?Boone
28.7%
LiamMegan
27.1%
AdamShannon
26.5%
?Ana Lucia
20.4%
?Julian
18.4%
DavidCharlotte
17.2%

You're not logged in!

Compare scores with friends on all Sporcle quizzes.
OR
Log In

Show Comments

Extras

Top Quizzes Today


Score Distribution

Your Account Isn't Verified!

In order to create a playlist on Sporcle, you need to verify the email address you used during registration. Go to your Sporcle Settings to finish the process.

Report this User

Report this user for behavior that violates our Community Guidelines.

Details: